[Event "Irena Warakomska Memorial B"]
[Site "chessmanager.com"]
[Date "2018.08.06"]
[Round "7"]
[White "Sapeta, Robert"]
[Black "Reshetniak, Vitaliy"]
[Result "1-0"]
[Board "15"]
[WhiteElo "1960"]
[WhiteCountry "POL"]
[WhiteFideId "1118676"]
[WhiteEloChange "13"]
[BlackElo "2085"]
[BlackCountry "UKR"]
[BlackFideId "14125250"]
[BlackEloChange "-13"]

1. e4 {[%clk 1:30:30]} c5 {[%clk 1:30:30]} 2. c3 {[%clk 1:30:30]} Nf6 {[%clk
1:30:30]} 3. d3 {[%clk 1:30:30]} e5 {[%clk 1:30:30]} 4. f4 {[%clk 1:30:30]} d6
{[%clk 1:30:30]} 5. Nf3 {[%clk 1:30:30]} Nc6 {[%clk 1:30:30]} 6. Na3 {[%clk
1:30:30]} Be7 {[%clk 1:30:30]} 7. fxe5 {[%clk 1:30:30]} dxe5 {[%clk 1:30:30]} 8.
Nc4 {[%clk 1:30:30]} Qc7 {[%clk 1:30:30]} 9. a4 {[%clk 1:30:30]} O-O {[%clk
1:30:30]} 10. Be2 {[%clk 1:30:30]} Rd8 {[%clk 1:30:30]} 11. Qc2 {[%clk 1:30:30]}
Be6 {[%clk 1:30:30]} 12. O-O {[%clk 1:30:30]} h6 {[%clk 1:30:30]} 13. Ne3 {[%clk
1:30:30]} Rac8 {[%clk 1:30:30]} 14. c4 {[%clk 1:30:30]} Nd4 {[%clk 1:30:30]} 15.
Nxd4 {[%clk 1:30:30]} cxd4 {[%clk 1:30:30]} 16. Nf5 {[%clk 1:30:30]} Bxf5 {[%clk
1:30:30]} 17. Rxf5 {[%clk 1:30:30]} Nh7 {[%clk 1:30:30]} 18. Bd2 {[%clk 1:30:30]}
Bg5 {[%clk 1:30:30]} 19. Raf1 {[%clk 1:30:30]} Bxd2 {[%clk 1:30:30]} 20. Qxd2
{[%clk 1:30:30]} f6 {[%clk 1:30:30]} 21. h4 {[%clk 1:30:30]} Rd6 {[%clk 1:30:30]}
22. a5 {[%clk 1:30:30]} b6 {[%clk 1:30:30]} 23. b4 {[%clk 1:30:30]} bxa5 {[%clk
1:30:30]} 24. Qa2 {[%clk 1:30:30]} Kh8 {[%clk 1:30:30]} 25. b5 {[%clk 1:30:30]}
a6 {[%clk 1:30:30]} 26. b6 {[%clk 1:30:30]} Rxb6 {[%clk 1:30:30]} 27. Ra1 {[%clk
1:30:30]} Rcb8 {[%clk 1:30:30]} 28. Qxa5 {[%clk 1:30:30]} Rb1+ {[%clk 1:30:30]}
29. Rf1 {[%clk 1:30:30]} Qxa5 {[%clk 1:30:30]} 30. Rxa5 {[%clk 1:30:30]} R1b2
{[%clk 1:30:30]} 31. Rf2 {[%clk 1:30:30]} Nf8 {[%clk 1:30:30]} 32. Rxa6 {[%clk
1:30:30]} Ng6 {[%clk 1:30:30]} 33. g3 {[%clk 1:30:30]} Rd2 {[%clk 1:30:30]} 34.
h5 {[%clk 1:30:30]} Ne7 {[%clk 1:30:30]} 35. Bf1 {[%clk 1:30:30]} Rxf2 {[%clk
1:30:30]} 36. Kxf2 {[%clk 1:30:30]} Rb2+ {[%clk 1:30:30]} 37. Kf3 {[%clk
1:30:30]} f5 {[%clk 1:30:30]} 38. exf5 {[%clk 1:30:30]} Nxf5 {[%clk 1:30:30]} 39.
Bh3 {[%clk 1:30:30]} Ne3 {[%clk 1:30:30]} 40. Ra8+ {[%clk 1:30:30]} Kh7 {[%clk
1:30:30]} 41. Be6 {[%clk 1:30:30]} g5 {[%clk 1:30:30]} 42. Ra7+ {[%clk 1:30:30]}
Kh8 {[%clk 1:30:30]} 43. Ke4 {[%clk 1:30:30]} 1-0

[Event "Irena Warakomska Memorial B"]
[Site "chessmanager.com"]
[Date "2018.08.06"]
[Round "7"]
[White "Zurkowski, Andrzej"]
[Black "Bien, Janusz"]
[Result "1-0"]
[Board "16"]
[WhiteElo "2089"]
[WhiteCountry "POL"]
[WhiteFideId "1131303"]
[WhiteEloChange "7"]
[BlackElo "1976"]
[BlackCountry "POL"]
[BlackFideId "1137921"]
[BlackEloChange "-7"]

1. c4 {[%clk 1:30:30]} Nf6 {[%clk 1:30:30]} 2. Nc3 {[%clk 1:30:30]} d6 {[%clk
1:30:30]} 3. g3 {[%clk 1:30:30]} e5 {[%clk 1:30:30]} 4. Bg2 {[%clk 1:30:30]} Be7
{[%clk 1:30:30]} 5. d3 {[%clk 1:30:30]} c6 {[%clk 1:30:30]} 6. e4 {[%clk
1:30:30]} O-O {[%clk 1:30:30]} 7. Nge2 {[%clk 1:30:30]} Bg4 {[%clk 1:30:30]} 8.
h3 {[%clk 1:30:30]} Bd7 {[%clk 1:30:30]} 9. O-O {[%clk 1:30:30]} Na6 {[%clk
1:30:30]} 10. f4 {[%clk 1:30:30]} Ne8 {[%clk 1:30:30]} 11. Be3 {[%clk 1:30:30]}
g6 {[%clk 1:30:30]} 12. Qd2 {[%clk 1:30:30]} Ng7 {[%clk 1:30:30]} 13. Kh2 {[%clk
1:30:30]} Nc7 {[%clk 1:30:30]} 14. Rf2 {[%clk 1:30:30]} Be6 {[%clk 1:30:30]} 15.
Raf1 {[%clk 1:30:30]} Qd7 {[%clk 1:30:30]} 16. g4 {[%clk 1:30:30]} exf4 {[%clk
1:30:30]} 17. Bxf4 {[%clk 1:30:30]} d5 {[%clk 1:30:30]} 18. cxd5 {[%clk 1:30:30]}
cxd5 {[%clk 1:30:30]} 19. e5 {[%clk 1:30:30]} Rac8 {[%clk 1:30:30]} 20. d4 {[%clk
1:30:30]} h5 {[%clk 1:30:30]} 21. gxh5 {[%clk 1:30:30]} Nxh5 {[%clk 1:30:30]} 22.
Bh6 {[%clk 1:30:30]} Rfe8 {[%clk 1:30:30]} 23. Nf4 {[%clk 1:30:30]} Nxf4 {[%clk
1:30:30]} 24. Qxf4 {[%clk 1:30:30]} Qd8 {[%clk 1:30:30]} 25. Bf3 {[%clk 1:30:30]}
Kh7 {[%clk 1:30:30]} 26. Rg2 {[%clk 1:30:30]} Bf8 {[%clk 1:30:30]} 27. Bg5 {[%clk
1:30:30]} Be7 {[%clk 1:30:30]} 28. Qh4+ {[%clk 1:30:30]} Kg7 {[%clk 1:30:30]} 29.
Qh6+ {[%clk 1:30:30]} Kg8 {[%clk 1:30:30]} 30. Be2 {[%clk 1:30:30]} Bf8 {[%clk
1:30:30]} 31. Qh4 {[%clk 1:30:30]} Be7 {[%clk 1:30:30]} 32. Bf6 {[%clk 1:30:30]}
Bxf6 {[%clk 1:30:30]} 33. Rxf6 {[%clk 1:30:30]} Kg7 {[%clk 1:30:30]} 34. Qh5
{[%clk 1:30:30]} Rg8 {[%clk 1:30:30]} 35. Rfxg6+ {[%clk 1:30:30]} Kf8 {[%clk
1:30:30]} 36. Rxg8+ {[%clk 1:30:30]} 1-0

[Event "Irena Warakomska Memorial B"]
[Site "chessmanager.com"]
[Date "2018.08.06"]
[Round "7"]
[White "Szalko, Maciej"]
[Black "Grabowski, Adam"]
[Result "1-0"]
[Board "17"]
[WhiteElo "1857"]
[WhiteCountry "POL"]
[WhiteFideId "1145614"]
[WhiteEloChange "15"]
[BlackElo "2066"]
[BlackCountry "POL"]
[BlackFideId "1142143"]
[BlackEloChange "-15"]

1. d4 {[%clk 1:30:30]} Nf6 {[%clk 1:30:30]} 2. Nf3 {[%clk 1:30:30]} c5 {[%clk
1:30:30]} 3. c4 {[%clk 1:30:30]} cxd4 {[%clk 1:30:30]} 4. Nxd4 {[%clk 1:30:30]}
e5 {[%clk 1:30:30]} 5. Nf3 {[%clk 1:30:30]} Nc6 {[%clk 1:30:30]} 6. Nc3 {[%clk
1:30:30]} Bc5 {[%clk 1:30:30]} 7. Bg5 {[%clk 1:30:30]} d6 {[%clk 1:30:30]} 8. a3
{[%clk 1:30:30]} a5 {[%clk 1:30:30]} 9. e3 {[%clk 1:30:30]} h6 {[%clk 1:30:30]}
10. Bxf6 {[%clk 1:30:30]} gxf6 {[%clk 1:30:30]} 11. Qd2 {[%clk 1:30:30]} Be6
{[%clk 1:30:30]} 12. Rd1 {[%clk 1:30:30]} f5 {[%clk 1:30:30]} 13. g3 {[%clk
1:30:30]} e4 {[%clk 1:30:30]} 14. Nh4 {[%clk 1:30:30]} Ne5 {[%clk 1:30:30]} 15.
b3 {[%clk 1:30:30]} Qxh4 {[%clk 1:30:30]} 16. gxh4 {[%clk 1:30:30]} Nf3+ {[%clk
1:30:30]} 17. Ke2 {[%clk 1:30:30]} Nxd2 {[%clk 1:30:30]} 18. Rxd2 {[%clk
1:30:30]} Bxa3 {[%clk 1:30:30]} 19. Nb5 {[%clk 1:30:30]} Bb4 {[%clk 1:30:30]} 20.
Ra2 {[%clk 1:30:30]} Ke7 {[%clk 1:30:30]} 21. Bh3 {[%clk 1:30:30]} f4 {[%clk
1:30:30]} 22. Bxe6 {[%clk 1:30:30]} f3+ {[%clk 1:30:30]} 23. Kd1 {[%clk 1:30:30]}
fxe6 {[%clk 1:30:30]} 24. Rg1 {[%clk 1:30:30]} Rhg8 {[%clk 1:30:30]} 25. Rg3
{[%clk 1:30:30]} Rad8 {[%clk 1:30:30]} 26. Rc2 {[%clk 1:30:30]} h5 {[%clk
1:30:30]} 27. Kc1 {[%clk 1:30:30]} Rg4 {[%clk 1:30:30]} 28. Kb2 {[%clk 1:30:30]}
Be1 {[%clk 1:30:30]} 29. Nc3 {[%clk 1:30:30]} Rdg8 {[%clk 1:30:30]} 30. Nxe4
{[%clk 1:30:30]} Rf8 {[%clk 1:30:30]} 31. Ng5 {[%clk 1:30:30]} Rxg3 {[%clk
1:30:30]} 32. hxg3 {[%clk 1:30:30]} Bb4 {[%clk 1:30:30]} 33. Rc1 {[%clk 1:30:30]}
Kd7 {[%clk 1:30:30]} 34. Rd1 {[%clk 1:30:30]} Rf6 {[%clk 1:30:30]} 35. Kc2 {[%clk
1:30:30]} Kc6 {[%clk 1:30:30]} 36. Rd4 {[%clk 1:30:30]} e5 {[%clk 1:30:30]} 37.
Rd5 {[%clk 1:30:30]} Rf8 {[%clk 1:30:30]} 38. Rd3 {[%clk 1:30:30]} Be1 {[%clk
1:30:30]} 39. Nh3 {[%clk 1:30:30]} Ra8 {[%clk 1:30:30]} 40. Rd1 {[%clk 1:30:30]}
Bb4 {[%clk 1:30:30]} 41. Ng5 {[%clk 1:30:30]} Bc5 {[%clk 1:30:30]} 42. Ra1 {[%clk
1:30:30]} b5 {[%clk 1:30:30]} 43. Kd3 {[%clk 1:30:30]} bxc4+ {[%clk 1:30:30]} 44.
bxc4 {[%clk 1:30:30]} a4 {[%clk 1:30:30]} 45. Ra2 {[%clk 1:30:30]} a3 {[%clk
1:30:30]} 46. Nxf3 {[%clk 1:30:30]} Rb8 {[%clk 1:30:30]} 47. Nd2 {[%clk 1:30:30]}
d5 {[%clk 1:30:30]} 48. cxd5+ {[%clk 1:30:30]} Kxd5 {[%clk 1:30:30]} 49. Rc2
{[%clk 1:30:30]} Be7 {[%clk 1:30:30]} 50. Ra2 {[%clk 1:30:30]} Bc5 {[%clk
1:30:30]} 51. e4+ {[%clk 1:30:30]} Ke6 {[%clk 1:30:30]} 52. f4 {[%clk 1:30:30]}
Rg8 {[%clk 1:30:30]} 53. f5+ {[%clk 1:30:30]} Kd7 {[%clk 1:30:30]} 54. Kc4 {[%clk
1:30:30]} Kc6 {[%clk 1:30:30]} 55. Nb3 {[%clk 1:30:30]} Be7 {[%clk 1:30:30]} 56.
f6 {[%clk 1:30:30]} Bf8 {[%clk 1:30:30]} 57. Nc1 {[%clk 1:30:30]} Rxg3 {[%clk
1:30:30]} 58. Nd3 {[%clk 1:30:30]} Bd6 {[%clk 1:30:30]} 59. f7 {[%clk 1:30:30]}
Rf3 {[%clk 1:30:30]} 60. Rxa3 {[%clk 1:30:30]} Rxf7 {[%clk 1:30:30]} 61. Ra6+
{[%clk 1:30:30]} Kd7 {[%clk 1:30:30]} 62. Kd5 {[%clk 1:30:30]} Bb8 {[%clk
1:30:30]} 63. Rh6 {[%clk 1:30:30]} Rf1 {[%clk 1:30:30]} 64. Nxe5+ {[%clk
1:30:30]} Bxe5 {[%clk 1:30:30]} 65. Kxe5 {[%clk 1:30:30]} Ra1 {[%clk 1:30:30]}
66. Kf5 {[%clk 1:30:30]} Rf1+ {[%clk 1:30:30]} 67. Ke5 {[%clk 1:30:30]} Ra1 $11
{[%clk 1:30:30]} 68. Rh7+ {[%clk 1:30:30]} Ke8 {[%clk 1:30:30]} 69. Ke6 {[%clk
1:30:30]} Kf8 {[%clk 1:30:30]} 70. e5 {[%clk 1:30:30]} Ra6+ {[%clk 1:30:30]} 71.
Kf5 {[%clk 1:30:30]} Ra1 {[%clk 1:30:30]} 72. Rxh5 {[%clk 1:30:30]} Kg7 {[%clk
1:30:30]} 73. Rg5+ {[%clk 1:30:30]} Kf7 {[%clk 1:30:30]} 74. e6+ {[%clk 1:30:30]}
Ke7 {[%clk 1:30:30]} 75. Rg7+ {[%clk 1:30:30]} Kf8 {[%clk 1:30:30]} 76. Rf7+
{[%clk 1:30:30]} Ke8 {[%clk 1:30:30]} 77. h5 {[%clk 1:30:30]} Rf1+ {[%clk
1:30:30]} 78. Kg6 {[%clk 1:30:30]} Re1 {[%clk 1:30:30]} 79. Rf6 {[%clk 1:30:30]}
Ke7 {[%clk 1:30:30]} 80. Kg7 {[%clk 1:30:30]} Rh1 {[%clk 1:30:30]} 81. h6 {[%clk
1:30:30]} Rh2 {[%clk 1:30:30]} 82. Rg6 {[%clk 1:30:30]} 1-0

[Event "Irena Warakomska Memorial B"]
[Site "chessmanager.com"]
[Date "2018.08.06"]
[Round "7"]
[White "Wloch, Mikolaj"]
[Black "Sukhimski, Vladimir"]
[Result "0-1"]
[Board "18"]
[WhiteElo "1738"]
[WhiteCountry "POL"]
[WhiteFideId "1194380"]
[WhiteEloChange "-2"]
[BlackElo "2083"]
[BlackCountry "UKR"]
[BlackFideId "14102889"]
[BlackEloChange "2"]

1. e4 {[%clk 1:30:30]} c5 {[%clk 1:30:30]} 2. Nf3 {[%clk 1:30:30]} d6 {[%clk
1:30:30]} 3. d4 {[%clk 1:30:30]} cxd4 {[%clk 1:30:30]} 4. Nxd4 {[%clk 1:30:30]}
Nf6 {[%clk 1:30:30]} 5. Nc3 {[%clk 1:30:30]} Nc6 {[%clk 1:30:30]} 6. Be2 {[%clk
1:30:30]} e5 {[%clk 1:30:30]} 7. Nb3 {[%clk 1:30:30]} Be7 {[%clk 1:30:30]} 8. Be3
{[%clk 1:30:30]} O-O {[%clk 1:30:30]} 9. O-O {[%clk 1:30:30]} Be6 {[%clk
1:30:30]} 10. h3 {[%clk 1:30:30]} Rc8 {[%clk 1:30:30]} 11. Qd2 {[%clk 1:30:30]}
a5 {[%clk 1:30:30]} 12. Rad1 {[%clk 1:30:30]} Nb4 {[%clk 1:30:30]} 13. a3 {[%clk
1:30:30]} Rxc3 {[%clk 1:30:30]} 14. axb4 {[%clk 1:30:30]} Nxe4 {[%clk 1:30:30]}
15. Qe1 {[%clk 1:30:30]} Rxe3 {[%clk 1:30:30]} 16. Nxa5 {[%clk 1:30:30]} Bh4
{[%clk 1:30:30]} 17. Rd3 {[%clk 1:30:30]} Rxd3 {[%clk 1:30:30]} 18. Bxd3 {[%clk
1:30:30]} Nxf2 {[%clk 1:30:30]} 19. Rxf2 {[%clk 1:30:30]} b6 {[%clk 1:30:30]} 20.
Nc6 {[%clk 1:30:30]} Qg5 {[%clk 1:30:30]} 21. Kh1 {[%clk 1:30:30]} Qg3 {[%clk
1:30:30]} 22. Kg1 {[%clk 1:30:30]} Bd5 {[%clk 1:30:30]} 23. b5 {[%clk 1:30:30]}
Re8 {[%clk 1:30:30]} 24. Qe2 {[%clk 1:30:30]} Qxf2+ {[%clk 1:30:30]} 25. Qxf2
{[%clk 1:30:30]} Bxf2+ {[%clk 1:30:30]} 26. Kxf2 {[%clk 1:30:30]} e4 {[%clk
1:30:30]} 27. Be2 {[%clk 1:30:30]} f5 {[%clk 1:30:30]} 28. Ke3 {[%clk 1:30:30]}
Kf7 {[%clk 1:30:30]} 29. Nd4 {[%clk 1:30:30]} Kf6 {[%clk 1:30:30]} 30. g4 {[%clk
1:30:30]} fxg4 {[%clk 1:30:30]} 31. Bxg4 {[%clk 1:30:30]} g6 {[%clk 1:30:30]} 32.
Bd7 {[%clk 1:30:30]} Re5 {[%clk 1:30:30]} 33. Nc6 {[%clk 1:30:30]} Rh5 {[%clk
1:30:30]} 34. Na7 {[%clk 1:30:30]} Be6 {[%clk 1:30:30]} 35. Bxe6 {[%clk 1:30:30]}
Kxe6 {[%clk 1:30:30]} 36. Kxe4 {[%clk 1:30:30]} Rh4+ {[%clk 1:30:30]} 37. Kd3
{[%clk 1:30:30]} Rxh3+ {[%clk 1:30:30]} 38. Kd2 {[%clk 1:30:30]} Rh2+ {[%clk
1:30:30]} 39. Kd3 {[%clk 1:30:30]} Kd5 {[%clk 1:30:30]} 40. c4+ {[%clk 1:30:30]}
Kc5 {[%clk 1:30:30]} 41. b3 {[%clk 1:30:30]} Rh3+ {[%clk 1:30:30]} 42. Kc2 {[%clk
1:30:30]} d5 {[%clk 1:30:30]} 43. cxd5 {[%clk 1:30:30]} Kxd5 {[%clk 1:30:30]} 0-1

[Event "Irena Warakomska Memorial B"]
[Site "chessmanager.com"]
[Date "2018.08.06"]
[Round "7"]
[White "Kumanovskiy, Evgeny"]
[Black "Duda, Lukasz"]
[Result "1-0"]
[Board "19"]
[WhiteElo "2084"]
[WhiteCountry "UKR"]
[WhiteFideId "14105942"]
[WhiteEloChange "13"]
[BlackElo "2201"]
[BlackCountry "POL"]
[BlackFideId "1119699"]
[BlackEloChange "-13"]

1. d4 {[%clk 1:30:30]} Nf6 {[%clk 1:30:30]} 2. Bf4 {[%clk 1:30:30]} e6 {[%clk
1:30:30]} 3. e3 {[%clk 1:30:30]} c5 {[%clk 1:30:30]} 4. c3 {[%clk 1:30:30]} d5
{[%clk 1:30:30]} 5. Nf3 {[%clk 1:30:30]} Nc6 {[%clk 1:30:30]} 6. Nbd2 {[%clk
1:30:30]} Bd6 {[%clk 1:30:30]} 7. Ne5 {[%clk 1:30:30]} Qc7 {[%clk 1:30:30]} 8.
Bb5 {[%clk 1:30:30]} O-O {[%clk 1:30:30]} 9. Bxc6 {[%clk 1:30:30]} bxc6 {[%clk
1:30:30]} 10. Qa4 {[%clk 1:30:30]} Bd7 {[%clk 1:30:30]} 11. O-O {[%clk 1:30:30]}
Rab8 {[%clk 1:30:30]} 12. Rab1 {[%clk 1:30:30]} cxd4 {[%clk 1:30:30]} 13. exd4
{[%clk 1:30:30]} c5 {[%clk 1:30:30]} 14. Nxd7 {[%clk 1:30:30]} Nxd7 {[%clk
1:30:30]} 15. Bxd6 {[%clk 1:30:30]} Qxd6 {[%clk 1:30:30]} 16. b4 {[%clk 1:30:30]}
cxd4 {[%clk 1:30:30]} 17. cxd4 {[%clk 1:30:30]} Rfc8 {[%clk 1:30:30]} 18. Rfc1
{[%clk 1:30:30]} Rxc1+ {[%clk 1:30:30]} 19. Rxc1 {[%clk 1:30:30]} h6 {[%clk
1:30:30]} 20. a3 {[%clk 1:30:30]} Nb6 {[%clk 1:30:30]} 21. Qa5 {[%clk 1:30:30]}
Qf4 {[%clk 1:30:30]} 22. Nb3 {[%clk 1:30:30]} Rb7 {[%clk 1:30:30]} 23. Qc5 {[%clk
1:30:30]} e5 {[%clk 1:30:30]} 24. g3 {[%clk 1:30:30]} Qg5 {[%clk 1:30:30]} 25. h4
{[%clk 1:30:30]} Qf5 {[%clk 1:30:30]} 26. Na5 {[%clk 1:30:30]} Rd7 {[%clk
1:30:30]} 27. dxe5 {[%clk 1:30:30]} d4 {[%clk 1:30:30]} 28. Nc6 {[%clk 1:30:30]}
Qe4 {[%clk 1:30:30]} 29. b5 {[%clk 1:30:30]} Kh7 {[%clk 1:30:30]} 30. Rd1 {[%clk
1:30:30]} Qe2 {[%clk 1:30:30]} 31. Rxd4 {[%clk 1:30:30]} Rxd4 {[%clk 1:30:30]}
32. Qxd4 {[%clk 1:30:30]} Nc4 {[%clk 1:30:30]} 33. Qf4 {[%clk 1:30:30]} Nd2
{[%clk 1:30:30]} 34. Nd4 {[%clk 1:30:30]} Qe1+ {[%clk 1:30:30]} 35. Kg2 {[%clk
1:30:30]} Qf1+ {[%clk 1:30:30]} 36. Kh2 {[%clk 1:30:30]} Qd1 {[%clk 1:30:30]} 37.
Qf5+ {[%clk 1:30:30]} Kg8 {[%clk 1:30:30]} 38. Qc8+ {[%clk 1:30:30]} Kh7 {[%clk
1:30:30]} 39. Qc2+ {[%clk 1:30:30]} Qxc2 {[%clk 1:30:30]} 40. Nxc2 {[%clk
1:30:30]} 1-0

[Event "Irena Warakomska Memorial B"]
[Site "chessmanager.com"]
[Date "2018.08.06"]
[Round "7"]
[White "Gawronski, Miroslaw"]
[Black "Zielinski, Konrad"]
[Result "1-0"]
[Board "20"]
[WhiteElo "2058"]
[WhiteCountry "POL"]
[WhiteFideId "1106180"]
[WhiteEloChange "2"]
[BlackElo "1646"]
[BlackCountry "POL"]
[BlackFideId "1164945"]
[BlackEloChange "-2"]

1. d4 {[%clk 1:30:30]} e6 {[%clk 1:30:30]} 2. c4 {[%clk 1:30:30]} d5 {[%clk
1:30:30]} 3. Nc3 {[%clk 1:30:30]} Nf6 {[%clk 1:30:30]} 4. Nf3 {[%clk 1:30:30]}
Be7 {[%clk 1:30:30]} 5. Bf4 {[%clk 1:30:30]} O-O {[%clk 1:30:30]} 6. e3 {[%clk
1:30:30]} b6 {[%clk 1:30:30]} 7. Rc1 {[%clk 1:30:30]} c5 {[%clk 1:30:30]} 8. dxc5
{[%clk 1:30:30]} bxc5 {[%clk 1:30:30]} 9. h3 {[%clk 1:30:30]} Bb7 {[%clk
1:30:30]} 10. Be2 {[%clk 1:30:30]} Nbd7 {[%clk 1:30:30]} 11. O-O {[%clk 1:30:30]}
Qb6 {[%clk 1:30:30]} 12. b3 {[%clk 1:30:30]} Rfd8 {[%clk 1:30:30]} 13. cxd5
{[%clk 1:30:30]} exd5 {[%clk 1:30:30]} 14. Qc2 {[%clk 1:30:30]} Rac8 {[%clk
1:30:30]} 15. Rfd1 {[%clk 1:30:30]} Bd6 {[%clk 1:30:30]} 16. Na4 {[%clk 1:30:30]}
Qc7 {[%clk 1:30:30]} 17. Bxd6 {[%clk 1:30:30]} Qxd6 {[%clk 1:30:30]} 18. Qc3
{[%clk 1:30:30]} Ne4 {[%clk 1:30:30]} 19. Qa5 {[%clk 1:30:30]} Qc7 {[%clk
1:30:30]} 20. Qxc7 {[%clk 1:30:30]} Rxc7 {[%clk 1:30:30]} 21. Bb5 {[%clk
1:30:30]} Nb6 {[%clk 1:30:30]} 22. Ne5 {[%clk 1:30:30]} Nxa4 {[%clk 1:30:30]} 23.
Bxa4 {[%clk 1:30:30]} f6 {[%clk 1:30:30]} 24. Nd3 {[%clk 1:30:30]} d4 {[%clk
1:30:30]} 25. Nf4 {[%clk 1:30:30]} Nc3 {[%clk 1:30:30]} 26. Rxc3 {[%clk 1:30:30]}
dxc3 {[%clk 1:30:30]} 27. Rxd8+ {[%clk 1:30:30]} Kf7 {[%clk 1:30:30]} 28. Rd3
{[%clk 1:30:30]} c2 {[%clk 1:30:30]} 29. Rc3 {[%clk 1:30:30]} Be4 {[%clk
1:30:30]} 30. f3 {[%clk 1:30:30]} g5 {[%clk 1:30:30]} 31. fxe4 {[%clk 1:30:30]}
gxf4 {[%clk 1:30:30]} 32. exf4 {[%clk 1:30:30]} 1-0

[Event "Irena Warakomska Memorial B"]
[Site "chessmanager.com"]
[Date "2018.08.06"]
[Round "7"]
[White "Halas, Przemyslaw"]
[Black "Wielgus, Wojciech"]
[Result "0-1"]
[Board "21"]
[WhiteElo "1964"]
[WhiteCountry "POL"]
[WhiteFideId "1122029"]
[WhiteEloChange "-17"]
[BlackElo "1652"]
[BlackCountry "POL"]
[BlackFideId "21853118"]
[BlackEloChange "17"]

1. d4 {[%clk 1:30:30]} d5 {[%clk 1:30:30]} 2. c4 {[%clk 1:30:30]} e6 {[%clk
1:30:30]} 3. Nc3 {[%clk 1:30:30]} Be7 {[%clk 1:30:30]} 4. Nf3 {[%clk 1:30:30]}
Nf6 {[%clk 1:30:30]} 5. Qc2 {[%clk 1:30:30]} O-O {[%clk 1:30:30]} 6. Bg5 {[%clk
1:30:30]} c6 {[%clk 1:30:30]} 7. e3 {[%clk 1:30:30]} Nbd7 {[%clk 1:30:30]} 8. Bd3
{[%clk 1:30:30]} Re8 {[%clk 1:30:30]} 9. O-O {[%clk 1:30:30]} h6 {[%clk 1:30:30]}
10. Bh4 {[%clk 1:30:30]} dxc4 {[%clk 1:30:30]} 11. Bxc4 {[%clk 1:30:30]} b5
{[%clk 1:30:30]} 12. Bb3 {[%clk 1:30:30]} a6 {[%clk 1:30:30]} 13. Rfd1 {[%clk
1:30:30]} Qb6 {[%clk 1:30:30]} 14. a3 {[%clk 1:30:30]} c5 {[%clk 1:30:30]} 15.
dxc5 {[%clk 1:30:30]} Nxc5 {[%clk 1:30:30]} 16. Ne5 {[%clk 1:30:30]} Bb7 {[%clk
1:30:30]} 17. Ba2 {[%clk 1:30:30]} Rac8 {[%clk 1:30:30]} 18. Qe2 {[%clk 1:30:30]}
Red8 {[%clk 1:30:30]} 19. f3 {[%clk 1:30:30]} Qc7 {[%clk 1:30:30]} 20. Bg3 {[%clk
1:30:30]} Nh5 {[%clk 1:30:30]} 21. Ng6 {[%clk 1:30:30]} Nxg3 {[%clk 1:30:30]} 22.
Nxe7+ {[%clk 1:30:30]} Qxe7 {[%clk 1:30:30]} 23. hxg3 {[%clk 1:30:30]} Qf6 {[%clk
1:30:30]} 24. e4 {[%clk 1:30:30]} Nd7 {[%clk 1:30:30]} 25. Qe3 {[%clk 1:30:30]}
Qg6 {[%clk 1:30:30]} 26. f4 {[%clk 1:30:30]} Nf6 {[%clk 1:30:30]} 27. Qb6 {[%clk
1:30:30]} Rxd1+ {[%clk 1:30:30]} 28. Rxd1 {[%clk 1:30:30]} Bxe4 {[%clk 1:30:30]}
29. Bxe6 {[%clk 1:30:30]} Rxc3 {[%clk 1:30:30]} 30. f5 {[%clk 1:30:30]} Qxg3
{[%clk 1:30:30]} 31. Bxf7+ {[%clk 1:30:30]} Kf8 {[%clk 1:30:30]} 32. Rd8+ {[%clk
1:30:30]} Ke7 {[%clk 1:30:30]} 33. Re8+ {[%clk 1:30:30]} Nxe8 {[%clk 1:30:30]}
34. Qe6+ {[%clk 1:30:30]} Kd8 {[%clk 1:30:30]} 35. Qxe8+ {[%clk 1:30:30]} Kc7
{[%clk 1:30:30]} 36. Qe7+ {[%clk 1:30:30]} Kb6 {[%clk 1:30:30]} 37. Qd8+ {[%clk
1:30:30]} Rc7 {[%clk 1:30:30]} 38. Qd4+ {[%clk 1:30:30]} Rc5 {[%clk 1:30:30]} 39.
Qd8+ {[%clk 1:30:30]} Qc7 {[%clk 1:30:30]} 40. Qd4 {[%clk 1:30:30]} Qxf7 {[%clk
1:30:30]} 41. b4 {[%clk 1:30:30]} Qd5 {[%clk 1:30:30]} 42. Qe3 {[%clk 1:30:30]}
Kc6 {[%clk 1:30:30]} 0-1

[Event "Irena Warakomska Memorial B"]
[Site "chessmanager.com"]
[Date "2018.08.06"]
[Round "7"]
[White "Furtak, Joanna"]
[Black "Warchol, Kamil"]
[Result "1/2-1/2"]
[Board "23"]
[WhiteElo "1948"]
[WhiteCountry "POL"]
[WhiteFideId "21804842"]
[WhiteEloChange "-8"]
[BlackElo "1540"]
[BlackTitle "CM"]
[BlackCountry "POL"]
[BlackFideId "21858241"]
[BlackEloChange "8"]

1. e4 {[%clk 1:30:30]} e5 {[%clk 1:30:30]} 2. Nf3 {[%clk 1:30:30]} Nc6 {[%clk
1:30:30]} 3. Bb5 {[%clk 1:30:30]} a6 {[%clk 1:30:30]} 4. Ba4 {[%clk 1:30:30]} Nf6
{[%clk 1:30:30]} 5. d4 {[%clk 1:30:30]} exd4 {[%clk 1:30:30]} 6. O-O {[%clk
1:30:30]} Be7 {[%clk 1:30:30]} 7. e5 {[%clk 1:30:30]} Nd5 {[%clk 1:30:30]} 8.
Nxd4 {[%clk 1:30:30]} Nxd4 {[%clk 1:30:30]} 9. Qxd4 {[%clk 1:30:30]} Nb6 {[%clk
1:30:30]} 10. Bb3 {[%clk 1:30:30]} O-O {[%clk 1:30:30]} 11. a4 {[%clk 1:30:30]}
d6 {[%clk 1:30:30]} 12. a5 {[%clk 1:30:30]} Nd7 {[%clk 1:30:30]} 13. exd6 {[%clk
1:30:30]} Bxd6 {[%clk 1:30:30]} 14. Bf4 {[%clk 1:30:30]} Bxf4 {[%clk 1:30:30]}
15. Qxf4 {[%clk 1:30:30]} Nc5 {[%clk 1:30:30]} 16. Nd2 {[%clk 1:30:30]} Be6
{[%clk 1:30:30]} 17. Bxe6 {[%clk 1:30:30]} Nxe6 {[%clk 1:30:30]} 18. Qb4 {[%clk
1:30:30]} Nd4 {[%clk 1:30:30]} 19. Rad1 {[%clk 1:30:30]} Nc6 {[%clk 1:30:30]} 20.
Qxb7 {[%clk 1:30:30]} Nxa5 {[%clk 1:30:30]} 21. Qf3 {[%clk 1:30:30]} Qe7 {[%clk
1:30:30]} 22. Qg3 {[%clk 1:30:30]} Nb7 {[%clk 1:30:30]} 23. Rfe1 {[%clk 1:30:30]}
Qc5 {[%clk 1:30:30]} 24. Qf3 {[%clk 1:30:30]} Nd6 {[%clk 1:30:30]} 25. c3 {[%clk
1:30:30]} Rfe8 {[%clk 1:30:30]} 26. b4 {[%clk 1:30:30]} Qg5 {[%clk 1:30:30]} 27.
Nb3 {[%clk 1:30:30]} h6 {[%clk 1:30:30]} 28. Nc5 {[%clk 1:30:30]} a5 {[%clk
1:30:30]} 29. h4 {[%clk 1:30:30]} Qxh4 {[%clk 1:30:30]} 30. Rxe8+ {[%clk
1:30:30]} Rxe8 {[%clk 1:30:30]} 31. bxa5 {[%clk 1:30:30]} Qc4 {[%clk 1:30:30]}
32. Nb7 {[%clk 1:30:30]} Nxb7 {[%clk 1:30:30]} 33. Qxb7 {[%clk 1:30:30]} Qa4
{[%clk 1:30:30]} 34. Qd5 {[%clk 1:30:30]} c6 {[%clk 1:30:30]} 35. Qd7 {[%clk
1:30:30]} Rf8 {[%clk 1:30:30]} 36. Rd3 {[%clk 1:30:30]} Qxa5 {[%clk 1:30:30]} 37.
Qxc6 {[%clk 1:30:30]} Qa1+ {[%clk 1:30:30]} 38. Kh2 {[%clk 1:30:30]} Qb2 {[%clk
1:30:30]} 39. Rf3 {[%clk 1:30:30]} Qb8+ {[%clk 1:30:30]} 40. g3 {[%clk 1:30:30]}
Rc8 {[%clk 1:30:30]} 41. Qd5 {[%clk 1:30:30]} Qc7 {[%clk 1:30:30]} 42. Qf5 {[%clk
1:30:30]} Re8 {[%clk 1:30:30]} 43. Qf4 {[%clk 1:30:30]} Rc8 {[%clk 1:30:30]} 44.
Qxc7 {[%clk 1:30:30]} Rxc7 {[%clk 1:30:30]} 45. Kg2 {[%clk 1:30:30]} f6 {[%clk
1:30:30]} 46. Re3 {[%clk 1:30:30]} Kf7 {[%clk 1:30:30]} 47. Kf3 {[%clk 1:30:30]}
f5 {[%clk 1:30:30]} 48. Ke2 {[%clk 1:30:30]} g5 {[%clk 1:30:30]} 49. Kd2 {[%clk
1:30:30]} h5 {[%clk 1:30:30]} 50. Rd3 {[%clk 1:30:30]} Ke6 {[%clk 1:30:30]} 51.
Rd4 {[%clk 1:30:30]} Rd7 {[%clk 1:30:30]} 52. Rxd7 {[%clk 1:30:30]} Kxd7 {[%clk
1:30:30]} 53. Ke3 {[%clk 1:30:30]} Kd6 {[%clk 1:30:30]} 54. Kd4 {[%clk 1:30:30]}
1/2-1/2